Nadežnosť i dolgovečnosť valkov cholodnoj prokatki /
Uložené v:
| Ďalší autori: | |
|---|---|
| Médium: | Kniha |
| Jazyk: | Russian |
| Vydané: |
Moskva :
Metallurgija,
1976.
|
| Fyzický popis: |
447 s. |
| Tagy: |
Pridať tag
Žiadne tagy, Buďte prvý kto otaguje tento záznam!
|
Titul je dostupný aj v ... 

MARC
| LEADER | 00000nam a2200000 a 4500 | ||
|---|---|---|---|
| 001 | 000132905 | ||
| 005 | 20091022194526.0 | ||
| 008 | 040101 1976 xxr rus d | ||
| 040 | |a SVKKK |b slo |c SVKKK |e AACR2 | ||
| 041 | 0 | |a rus | |
| 044 | |a xxr | ||
| 245 | 1 | 0 | |a Nadežnosť i dolgovečnosť valkov cholodnoj prokatki / |c Vladimir Petrovič Poluchin. |
| 260 | |a Moskva : |b Metallurgija, |c 1976. | ||
| 300 | |a 447 s. | ||
| 700 | 1 | |a Poluchin, Vladimír Petrovič | |
| 910 | |a svkkk | ||
| 998 | |a BK | ||
| 090 | |g SCKHL |k Sklad Pribinova 2. posch. |a II.231573 |j 560108 |i 132905-10 |s Absenčne | ||